Central Library OPAC University of Rajshahi

Cultural survey of modern Egypt / (Record no. 27877)

MARC details
000 -LEADER
fixed length control field 00615nam a2200205 a 4500
001 - CONTROL NUMBER
control field 27877
003 - CONTROL NUMBER IDENTIFIER
rucl marc code BD-RjUL
005 - DATE AND TIME OF LATEST TRANSACTION
control field 20211209051219.0
008 - FIXED-LENGTH DATA ELEMENTS--GENERAL INFORMATION
fixed length control field 140327s1948 enk 000 0 eng d
035 ## - SYSTEM CONTROL NUMBER
System control number (BD-RjUL)27957
040 ## - CATALOGING SOURCE
Original cataloging agency EQO
Transcribing agency EQO
Language of cataloging eng
Modifying agency BD-RjUL
041 ## - LANGUAGE CODE
Language code of text/sound track or separate title eng
082 00 - DEWEY DECIMAL CLASSIFICATION NUMBER
Classification number 962
Author mark and year MOC Pt-2 1948
100 1# - MAIN ENTRY--PERSONAL NAME
Personal name Mosharrafa, M. M.
Fuller form of name (Moustafa M.)
9 (RLIN) 85508
245 10 - TITLE STATEMENT
Title Cultural survey of modern Egypt /
Statement of responsibility, etc. by M. M. Mosharrafa.
Number of part/section of a work Part Two
260 ## - PUBLICATION, DISTRIBUTION, ETC. (IMPRINT)
Place of publication, distribution, etc. London :
Name of publisher, distributor, etc. Longmans, Green & Co.,
Date of publication, distribution, etc. 1948.
300 ## - PHYSICAL DESCRIPTION
Pagination viii, 71 p. ;
Illustrations ill. ;
Size 25cm.
651 #0 - SUBJECT ADDED ENTRY--GEOGRAPHIC NAME
Geographic name Egypt
General subdivision Civilization
Chronological subdivision 1798.
9 (RLIN) 85509
942 ## - ADDED ENTRY ELEMENTS (KOHA)
Source of classification or shelving scheme Dewey Decimal Classification
Koha item type Books
Holdings
Lost status Source of classification or shelving scheme Damaged status Not for loan Collection code Permanent Location Current Location Shelving location Date acquired Source of acquisition Cost, normal purchase price Total Checkouts Full call number Date last seen Copy number Koha item type
  Dewey Decimal Classification   Added to bundle Non-fiction Central Library, University of Rajshahi Central Library, University of Rajshahi Reading Room 10/01/1956 Simpkin Marshall 0.50   962 MOC Pt-2 1948 27/03/2014 C-1 Books
  Dewey Decimal Classification     Non-fiction Central Library, University of Rajshahi Central Library, University of Rajshahi   11/12/1968 Zeitlinger 5.00   962 MOC Pt-2 1948 30/03/2017 C-2 Books